000 00479nam a2200145Ia 4500
008 100204s9999 xx 000 0 und d
082 _b16100
100 _aगंब्रे चंद्र्रहास
245 _aचंदुची बायको
260 _b"संगीता प्रकाशन, मालाड"
_c1988
300 _a112
630 _aचंदुची बायको
730 _aचंदुची बायको
942 _cBOOK
999 _c460523
_d460520